| 000 | 00781nam a2200205Ii 4500 | ||
|---|---|---|---|
| 003 | JO-AjNU | ||
| 008 | 230605s9999||||xx |||||||||||||| ||und|| | ||
| 017 | _a1986/4034 | ||
| 040 |
_aJO-AjNU _bara _erda _cJO-AjNU |
||
| 041 | _aara | ||
| 050 | 1 | 4 | _aPJ6106.S26 1986 |
| 100 | 3 |
_aتاليف عبد الجواد، سمير أحمد, _eauthor _940638 |
|
| 245 | 0 | 0 | _aمن قضايا اللغة ألفاظ الخصوص والعموم دراسة تفصيلية لغوية |
| 264 | 3 | 1 | _aد.م: المطبعة الفنية، 1986 |
| 300 | _a270ص | ||
| 336 |
_atext _btxt _2rdacontent |
||
| 337 |
_aunmediated _bn _2rdamedia |
||
| 338 |
_avolume _bnc _2rdacarrier |
||
| 650 | 4 |
_aاللغة العربية-الفاظ الخصوص والعموم-دراسة تفصيلية لغوية _940639 |
|
| 999 |
_aA17263 _c20831 _d20831 |
||